000 00200 a2200097 4500
001 55729
100 _a
245 _aFirdus-e-Baren
260 _aLahore
_bFeroz Sons Ltd
_c2003
090 _c34618
_d34618
942 _aNUST-CAE
_c
_c27356
999 _c290802
_d290802